Exercices corriges d'analyse : avec rappels de cour. Tome II, Fonctions, integration, equations differentielles /

Guardat en:
Dades bibliogràfiques
Autor principal: Alibert, Daniel
Format: Llibre
Idioma:Vietnamese
Publicat: Presses Universitaires de Grenoble 1992
Etiquetes: Afegir etiqueta
Sense etiquetes, Sigues el primer a etiquetar aquest registre!
Thư viện lưu trữ: Mạng thư viện Đại học Đà Nẵng
LEADER 00714nam a2200265 4500
001 000026976
003 AL-D
005 20150403120000.0
008 150403s vm 000 vie
020 |c 0,0000 
040 |a notts 
100 |a Alibert, Daniel 
245 |a Exercices corriges d'analyse : avec rappels de cour. Tome II, Fonctions, integration, equations differentielles /  |c Daniel Alibert. 
260 |b Presses Universitaires de Grenoble  |c 1992 
OWN |a LTT 
999 |a From the UDN01 
TYP |a Monograph 
TYP |a Printed language 
980 |a Mạng thư viện Đại học Đà Nẵng